Name the Sabrina Carpenter album from the song - Statistics

General Stats
  • This quiz has been taken 34 times
  • The average score is 14 of 15
Answer Stats
Song Album % Correct
House Tour Man's Best Friend
100%
Tears Man's Best Friend
100%
Never Getting Laid Man's Best Friend
100%
Good Graces Short n' Sweet
100%
Juno Short n' Sweet
100%
because i liked a boy emails i can't send
95%
skinny dipping emails i can't send
95%
On Purpose EVOLution
95%
Run and Hide EVOLution
95%
Dumb & Poetic Short n' Sweet
95%
Bad for Business emails i can't send
91%
Can't Blame a Girl for Trying Eyes Wide Open
86%
Sue Me Singular Act I
82%
prfct Singular Act I
82%
Pushing 20 Singular Act II
82%
No matching quizzes found
Score Distribution
Percent of People with Each Score
Percentile by Number Answered
Your Score History
You have not taken this quiz